4 images, 1 personnage - Statistiques

Statistiques générales
  • Ce quiz a été pris 1 939 fois
  • Le résultat moyen est 11 sur 12
Statistiques - réponses
Par images Réponse % Correct
Batman
99%
Rémy (Ratatouille)
96%
Homer Simpson
93%
Blanche-Neige
92%
Sherlock Holmes
92%
Bob l'éponge
90%
Alice
88%
Mary Poppins
88%
Tintin
86%
James Bond
85%
Père Fouras
83%
Mario
79%
Aucun quiz correspondant
Distribution des résultats
% des personnes avec chaque résultat
Percentile par nombre de réponses
Votre historique - résultats
Vous n’avez pas pris ce quiz